| 000 | 00884nas a22002177a 4500 | ||
|---|---|---|---|
| 005 | 20260512130014.0 | ||
| 008 | 260511d20102017porbu|p r |||s00| z por d | ||
| 040 | _cBR-ViAPE | ||
| 245 | _aCaderno D - Revista de Cultura do Diário Oficial do Estado do Espírito Santo | ||
| 260 |
_aVitória _bDiário Oficial do Estado do Espírito Santo _c2010-2017 |
||
| 300 |
_av. _bil. |
||
| 310 | _aMensal | ||
| 362 | _aAno I, n. 1 dez. 2010) - ano VII, n. 39 (jul. 2017). | ||
| 500 | _aDisponibilizada apenas a imagem da capa na versão digital, em virtude de restrições de direitos autorais. | ||
| 500 | _aColeção incompleta: disponíveis apenas alguns números do periódico. | ||
| 650 |
_aCultura _xArte _xCrítica _zEspirito Santo |
||
| 651 |
_aEspírito Santo (Brasil) _vPeriódicos |
||
| 710 | _aDiário Oficial do Estado do Espírito Santo | ||
| 942 |
_2ddc _cPER _n1 |
||
| 999 |
_c633 _d633 |
||